01038 2200337 4500001002100000005001500021035002000036007000300056008004100059020002200100040002200122082001500144084001700159090002100176090002200197100002600219245007500245250003600320300006500356500001100421650002900432700002200461850001200483504003300495264005400528336002100582337003000603338002300633999002200656990002200678INLIS00000000085260320191101084649 a0010-1119000011ta191101t2018 yoia g 1 ind d a978-602-386-306-8 aYOPDYOGbinderda04223a664.02 a664.02 WAY p aDEP 664.02 WAY p aCB-D.11 2018-11820 aWayan Kantunepenulis10aPengelolaan perikanan tuna /cpenulis, Wayan Kantun; penyunting, Ratna aCetakan pertama, September 2018 axvii, 252 halaman :bilustrasi, peta, tabel, gambar ;c23 cm aIndeks 4aIkan tuna--xPengelolaan0 aRatnaepenyunting aYOPDYOG aBibliografi: halaman 221-23931aYogyakarta :bGadjah Mada University Press,c2018 2rdacontentateks 2rdamediaatanpa perantara 2rdacarrieravolume aCB-D.11/2018-1182 aCB-D.11/2018-1182